Normal view
MARC view
Entry Personal Name
001 - CONTROL NUMBER
- control field: 55665
003 - CONTROL NUMBER IDENTIFIER
- control field: dpl
005 - DATE AND TIME OF LATEST TRANSACTION
- control field: 20230831115433.0
008 - FIXED-LENGTH DATA ELEMENTS
- fixed length control field: 230831|| aca||aabn | a|a d
040 ## - CATALOGING SOURCE
- Original cataloging agency: dpl
- Transcribing agency: dpl
100 ## - HEADING--PERSONAL NAME
- Personal name: अमर जीत अमर
670 ## - SOURCE DATA FOUND
- Source citation: Work cat.: (dpl)197707: अमर जीत अमर , वेंटीलेटर से /, 2022
